01526nac a22003497a 4500001001000000003000900010005001700019008003400036040005400070072001800124090001900142100001800161100001800179100002000197110009100217245017400308246017600482260003700658300000900695490012700704650001000831650002100841650001100862650002800873650001300901650002100914650001200935909004700947942001700994999001901011952014601030BR8400025BR-BrBNA20240105115920.0230509b bl.|||m| |||| 00| 0 por d aBR-BrBNAbporcBiblioteca Nacional de Agricultura aF27; F25; F00 a0150 BR84000251 aGianluppi, V.1 aMoraes, E. de1 aCamargo, A.H.A.1 aUnidade de Execucao de Pesquisa de Ambito Territorial de Boa Vista, RR (Brasil)9103911 aSistema de producao sequencial de arroz com forrageiras, em solos de cerrado de Roraima, 1: andropogon e guandu [Oryza sativa, Andropogon gayanus, Cajanus cajan, Brasil]1 a[Sequential rice production system with forage plants, in "cerrado" soils of Roraima, 1: andropogon and "guandu" [Oryza sativa, Andropogon gayanus, Cajanus cajan, Brazil]]3 aBoa Vista, RR (Brasil): c1983.  a4 p. aPesquisa em Andamento - Unidade de Execucao de Pesquisa de Ambito Territorial de Boa Vista (Brazil)vno. 4xISSN 0101-8639 aARROZ aCAPIM ANDROPOGON aGUANDU aCONSORCIACAO DE CULTURA aADUBACAO aPRATICA CULTURAL aRORAIMA a202312bLúcia Elandec55dLúcia Elande 2AGRISn0cMS c277060d277060 002AGRIS40708Acervo Gerala41918b41918cAGROBASEl0o0150 BR8400025p0150 BR8400025r2023-12-18yMSePortaria Interministerial nº 164/94